Výroba sulfátové buničiny : určeno středně technickým kádrům celulosek a odborným školám a kursům /

Hlavní autor: Topinka, Vladimír
Další autoři: Rubeš, Vladimír
Jazyk: Čeština
Vydáno: Praha : Státní nakladatelství technické literatury, 1954
Vydání: Vyd. 1.
Edice: Řada dřevařské a papírenské literatury
Témata:
Fyzický popis: 251 s., obr. příl. : il.
Knihy
Uloženo v:
LEADER 01190nam a22002892a 4500
001 000756704
003 CZ BrMZK
005 20150313082034.0
007 ta
008 041220s1954 xr af er cze d
015 |a cnb000424621 
035 |a (OCoLC)85184942 
040 |a BOA001  |b cze 
100 1 |a Topinka, Vladimír  |7 xx0094254  |4 aut 
245 1 0 |a Výroba sulfátové buničiny :  |b určeno středně technickým kádrům celulosek a odborným školám a kursům /  |c Vladimír Topinka, Vladimír Rubeš 
250 |a Vyd. 1. 
260 |a Praha :  |b Státní nakladatelství technické literatury,  |c 1954 
300 |a 251 s., obr. příl. :  |b il. 
490 1 |a Řada dřevařské a papírenské literatury 
504 |a Obsahuje bibliografii a rejstřík 
700 1 |a Rubeš, Vladimír  |7 xx0093972  |4 aut 
830 0 |a Řada dřevařské a papírenské literatury 
910 |a BOA001  |b PK-0008.159  |b 2-0324.725 
964 |a Buničina sulfátová - výroba - příručky 
990 |a BK 
996 6 |b 2618803133  |c 2-0324.725  |l MZK  |r Sklad / do 24 hodin  |n 0  |w 000756704  |u 000020  |a 1  |e BOA001  |j MZK50  |s P 
996 7 |b 3119678620  |c PK-0008.159  |l MZK  |r Sklad / do 1 hodiny  |n 0  |w 000756704  |u 000010  |a 1  |e BOA001  |j MZK50  |s A